Essentials of human anatomy physiology / (Record no. 5458)

MARC details
000 -LEADER
fixed length control field 00722nam a2200205 a 4500
020 ## - INTERNATIONAL STANDARD BOOK NUMBER
ISBN 069709703X
020 ## - INTERNATIONAL STANDARD BOOK NUMBER
ISBN 0697167909 (pbk.)
022 ## - INTERNATIONAL STANDARD SERIAL NUMBER
ISSN 9780697097033
050 00 - CALL NUMBER
Classification number QP34.5
Item number .H625
100 1# - AUTHOR
Personal name Hole, John W.
245 10 - TITLE
Title Essentials of human anatomy physiology /
Statement of responsibility, etc John W. Hole, Jr.
250 ## - EDITION
Edition statement 4th ed.
260 ## - PUBLICATION INFORMATION
Place of publication [Dubuque, IA] :
Name of publisher Wm. C. Brown Pub.,
Year of publication c1992.
300 ## - DESCRIPTION
Number of Pages xxii, 560 p. :
Other physical details ill. (some col.) ;
Dimensions 29 cm.
500 ## - NOTES
General note Includes index.
505 ## - FORMATTED CONTENTS NOTE
Table of Content UNIT 1. Levels of organization <br/>UNIT 2. Support and movement <br/>UNIT 3. Integration and coordination<br/>UNIT 4. Processing and Transporting <br/>UNIT 5. Reproduction <br/>
650 #0 - SUBJECTS
Topical Term Human physiology.
650 #0 - SUBJECTS
Topical Term Human anatomy.
942 ## - ADDED ENTRY ELEMENTS (KOHA)
Koha item type Books
Holdings
Withdrawn status Lost status Collection code Home library Current library Shelving location Date acquired Full call number Accession Number Koha item type
    Reference Methodist University Library Main Methodist University Library Main General Stacks 25/06/2008 QP34.5 .H625 37517 Books
      Methodist University Library Wenchi Nursing Methodist University Library Wenchi Nursing   24/09/2021 QP34.5 .H625 21657 Books
      Methodist University Library Wenchi Nursing Methodist University Library Wenchi Nursing   24/09/2021 QP34.5 .H625 21658 Books
      Methodist University Library Wenchi Nursing Methodist University Library Wenchi Nursing   24/09/2021 QP34.5 .H625 21659 Books
Copyright © 2026  MUG Library